000 01029nam0a22002771 4500
001 rc\4213860
005 20240604150534.0
021 _aRU
_b[52-42538]
035 _a(NLR Aleph) 008210707
090 _a8094989
_c8094989
100 _a20130415d1952 |||y0rusy50 ca
101 0 _arus
102 _aRU
105 _aa j |||||
200 1 _aЭлектрическое оборудование металлорежущих станков
_e[Учебник для машиностроит. вузов]
210 _aМосква
_cМашгиз
_d1952
215 _a310 с., 1 л. черт.
_cил.
_d23
320 _aБиблиогр.: с. 303-304 (39 назв.)
606 _aМеталлорежущие станки
_xЭлектрооборудование
_jУчебники и пособия
_2psbo
700 1 _aХаризоменов
_bИ. В.
_gИгорь Владимирович
801 0 _aRU
_bNLR
_gpsbo
801 1 _aRU
_bELAR
_2rusmarc
852 _aNLR
_jТ36 Г-5/897
942 _cBOOK
980 _aNB